Statistiken für Ewiger Medaillenspiegel der olympischen Spiele

Klicken Sie hier um das Quiz zu spielen!

Allgemein

  • Dieses Quiz wurde 359 mal gespielt
  • Das Durchschnittsergebnis liegt bei 79 aus 148

Antwortstatistiken

LandGoldSilberBronze% Korrekt
Deutschland438455490
99%
USA1058834739
99%
China262198173
96%
Russland590486480
93%
Japan169148178
92%
Spanien487247
92%
Norwegen605148
91%
Schweden148176179
91%
Brasilien374071
90%
Frankreich221253273
90%
Kanada70108147
90%
Italien216188212
89%
Australien164170208
88%
Finnland10185118
88%
Mexiko132436
87%
Portugal5914
87%
Österreich193441
86%
Polen7289137
86%
Schweiz537973
86%
Argentinien212630
84%
Südkorea9691100
83%
Vereinigtes Königreich283316314
83%
Niederlande95103119
82%
Indien10916
81%
Belgien435457
80%
Griechenland354341
80%
Ägypten81119
78%
Neuseeland533351
78%
Tschechien687072
78%
Jamaika263625
77%
Südafrika273329
77%
Dänemark487879
76%
Ukraine353568
76%
Kroatien141314
75%
Rumänien9097121
74%
Slowakei10148
74%
Slowenien8911
74%
Serbien334041
73%
Iran242329
72%
Türkei412637
72%
Bulgarien538882
71%
Chile274
71%
Marokko7512
71%
Kenia344236
70%
Kuba847185
69%
Nordkorea161622
69%
Weißrussland133042
69%
Irland101014
68%
Kolumbien51315
68%
Peru13-
68%
Ungarn181154175
68%
Estland10917
67%
Irak--1
67%
Litauen6713
67%
Lettland4116
66%
Indonesien81415
65%
Island-22
65%
Venezuela379
64%
Algerien548
63%
Kasachstan152135
63%
Luxemburg11-
63%
Niger-11
63%
Pakistan334
63%
Saudi-Arabien-22
62%
Uruguay226
62%
Thailand10816
61%
Tunesien537
61%
Israel319
60%
Äthiopien231223
59%
Nigeria31113
59%
Panama1-2
59%
Paraguay-1-
58%
Vietnam131
58%
Mongolei21117
57%
Syrien112
54%
Ghana-14
53%
Usbekistan9620
53%
Armenien287
52%
Ecuador32-
52%
Katar215
52%
Costa Rica112
51%
Georgien101218
51%
Haiti-11
51%
Afghanistan--2
50%
Philippinen158
50%
Aserbaidschan71428
49%
Montenegro-1-
48%
Taiwan71118
48%
Vereinigte Arabische Emirate1-1
48%
Zypern-1-
48%
Malaysia-75
46%
Senegal-1-
46%
Turkmenistan-1-
46%
Moldawien-24
45%
Nordmazedonien-11
45%
Tadschikistan112
45%
Guatemala-1-
44%
Kosovo3--
44%
Sudan-1-
44%
Kamerun312
43%
Kirgisistan-34
43%
Namibia-5-
43%
Bahamas826
42%
Elfenbeinküste112
42%
Fidschi2-1
42%
Togo--1
42%
Trinidad und Tobago3511
41%
Kuwait--3
40%
Tansania-2-
40%
Dominikanische Republik354
39%
Singapur122
39%
Jordanien111
37%
Libanon-22
37%
Uganda443
37%
Guyana--1
36%
Suriname1-1
36%
Bahrain22-
35%
Barbados--1
34%
San Marino-12
34%
Sri Lanka-2-
33%
Eritrea--1
31%
Mosambik1-1
30%
Sambia-11
30%
Simbabwe341
30%
Gabun-1-
28%
Grenada111
28%
Botswana-11
27%
Jugoslawien283432
27%
Tonga-1-
26%
Samoa-1-
23%
Burkina Faso--1
20%
Burundi11-
18%
Dschibuti--1
16%
Bermuda1-1
9%
Mauritius--1
9%
Sowjetunion473376355
9%
Puerto Rico226
8%
Hong Kong233
7%
Amerikanische Jungferninseln-1-
1%
Niederländische Antillen-1-
1%
Australasien (1908-1912)345
0%
Böhmen-13
0%
Gemischte Mannschaft (ZZX)846
0%
Olympische Athleten aus Russland (OAR 2018)269
0%
Russisches Olympisches Komitee (ROC 2021)202622
0%
Unabhängige Olympiateilnehmer113
0%
Vereintes Team (EUN 1992)544437
0%
Westindische Föderation--2
0%

Verteilung der Resultate

Perzentil nach korrekt beantworteten Fragen

Anzahl Personen mit jedem Resultat

Ihre Resultats-Entwicklung

Sie haben dieses Quiz noch nicht gespielt